Quizzes
Events
Quiz Creation
Community
Videos
Private Events
Remove Ads
Sign In
Join for FREE
Feedback
Dark Mode
Quiz Categories
Sports
Geography
Music
Movies
Television
Just For Fun
Miscellaneous
History
Literature
Language
Science
Gaming
Entertainment
Religion
Holiday
For Kids
Quiz Lab
Recent
Popular Today
Quiz Kudos Today
Editor Picks
Curator Picks
Quizzes by...
Day
Popularity
Type
Ratings
Length
Year
Community
Subscriptions
Recent Discussions
Orange Saloon
Badges
Playlists
Quests
Create
Leaderboards
Showdown
Live 5
Trivia Bingo
Activity
Puzzle Library
Sporcle Events
Private Events
Virtual Trivia
Globe League
Become a Host
Pub Owners
SporcleCon
Opinionation
Our Games
Videos
Blog
Mobile Apps
Partnerships
Remove Ads and Go Orange
Feedback
Television
TV Characters
TV Show
Sitcom
Network
Friends
Reality Shows
Cast
South Park
Star Trek
The Simpsons
Doctor Who
Television
TV Characters
TV Show
Sitcom
Network
Friends
Reality Shows
Cast
South Park
Star Trek
The Simpsons
Doctor Who
Random Quiz
Search Sporcle
×
Quiz Lab
Quiz Lab
Television
Seinfeld
Type in answers that appear in a list
Type in answers that appear in a list
Classic
Best Score? Go Orange.
Seinfeld: the Big Four Stats
The answer to every question in this quiz is either Jerry (j), George (g), Elaine (e) or Kramer (k).
By
itamarkatz
5m
49 Questions
218 Plays
218 Plays
218 Plays
Comments
Comments
Give Quiz Kudos
Give Quiz Kudos
-
- Ratings
hide this ad
Forced Order
Answers have to be entered in order
Answers have to be entered in order
Wrong Answers
Some wrong answers will appear in red
Some wrong answers will appear in red
Replay
Link that replays current quiz
Next Quiz
Link to next quiz in quiz playlist
You Got
0%
They Got
Avg Score
66%
Avg Friend Score
Upgrade to see
Score Distribution
Jump to the score distribution portion of the page
Score
0/49
Timer
05:00
0
Plays Today
Question
Answer
% Correct
Who actually won the Contest?
???
91.7%
Who didn't appear in 'The Chinese Restaurant'?
???
89.9%
Who had the top score at Frogger?
???
88.5%
Who was the first to be eliminated from the Contest?
???
87.6%
Who dated a woman who apparently wore the same outfit every day?
???
86.7%
Whose father never appeared on the show?
???
86.2%
Who had never spent the night at Jerry's apartment?
???
85.8%
Who served briefly in the army?
???
83.5%
Who is a high school equivalency program graduate?
???
83%
Who's a Baltimore Orioles fan?
???
82.6%
Who has a known gambling problem?
???
82.6%
Who was upgraded to first class on a flight from St. Louis?
???
81.2%
Who likes using a lot of exclamation points?
???
80.7%
Whose father is an author?
???
80.7%
Whose father wears sneakers in the pool?
???
78.9%
Who is the only character who appeared in every single Seinfeld episode?
???
78.9%
Who was the second to be eliminated from the Contest?
???
78.4%
Who once told a woman that he coined the phrase 'Pardon my French'?
???
78%
Who was declared as the winner in the Contest?
???
77.5%
Who graduated from Tufts University?
???
73.4%
Which one doesn't have a known cousin?
???
73.4%
Who is the only one who was seen riding Jerry's bicycle?
???
72.9%
Who came up with the plan for the Switch?
???
71.6%
Who once had a cartoon published in the New Yorker?
???
70.6%
Who once dated a woman played by Breaking Bad's Anna Gunn?
???
70.6%
Question
Answer
% Correct
Who does Janet look like?
???
69.3%
Who pretended to be Elaine's boyfriend in 'The Junior Mint'?
???
68.8%
Who didn't join the volunteer program for the elderly?
???
68.3%
Who is afraid of clowns?
???
66.5%
Who dated Tia?
???
60.6%
Who owns a dog in the pilot episode?
???
58.7%
Who goes by the alias Kel Varnsen?
???
58.3%
Who ordered turkey chili from the Soup Nazi?
???
57.3%
Who is renowned for their remarkable hearing?
???
55.5%
Who didn't visit the apartment for sale in 'The Puerto Rican Day'?
???
53.7%
Who pretended to be Elaine's boyfriend in 'The Watch'?
???
53.2%
Who never dated the same person in two different episodes?
???
50.5%
Who once told a woman that he doesn't eat cake because it goes right to his thighs?
???
49.5%
Who likes Morning Thunder tea, oblivious to the fact that it contains caffeine?
???
49.5%
Who doesn't like Pesto?
???
44.5%
Who didn't go to the Rangers/
Devils playoff game?
???
43.1%
Who was the last one to arrive to Festivus dinner at the Constanzas'?
???
41.3%
Who's killing independent George?
???
40.4%
Who pretended to be Elaine's fiancé in 'The Nose Job'?
???
40.4%
Who was once arrested for bootlegging movies?
???
39.9%
Who had dated, on separate occasions, two devout Christians?
???
36.2%
Who made a lot of money from a company called Sendrax?
???
33%
Who never got to see 'Rochelle Rochelle''?
???
28.9%
Whose favorite explorer is Magellan?
???
26.6%
Quiz Playlist
Details
Report
Send in Message
Add To Playlist
Classic:
Type in answers that appear in a list
Forced Order:
Answers have to be entered in order
Wrong Answers:
Some wrong answers will appear in red
Last Updated: Feb 16, 2017
Quiz Scoreboard
CHALLENGE
Sign Up to Join the Scoreboard
Show All
Scores
Hide
Comments
May contain spoilers
Recently Published
9x9 Crossword: Cartoon Network
by jackfrog10
Miscellaneous
3m
College Basketball Coaching Resumes
by pancakes188
Sports
9m
Billboard Blitz: Fleetwood Mac
by CooCooCachoo
Music
15s
More to Explore
Quiz From the Vault
Featured Blog Post
Where Did the Easter Bunny Come From?
hide this ad
You Might Also Like...
Tags
Seinfeld
Today's Top Quizzes in Television
Browse Television
hide this ad
Today's Top Quizzes in Seinfeld
Browse Seinfeld
Top Contributed Quizzes in Television
1
5-to-1: The Simpsons Families
2
5-to-1: Television Doctors
3
7-to-1: TV Show Settings
4
Adjectives in 00s TV Shows
5
Adjectives in 80s TV Shows
6
5-to-1: Streaming Originals
7
Adjectives in 10s TV Shows
8
Survivor Seasons
9
One Piece Logic Puzzle
10
All US Survivor Seasons in Order
Explore More
Trending Topics
NBA
Crossword
Harry Potter
Disney
Marvel
Kpop
Anime
Song
The Office
NFL
Pokémon
Country
Soccer
Puzzle
WWE
hide this ad
More By:
itamarkatz
Quiz
Plays
Rating
Category
Featured
Created
ER Character Departures
1,409
4.14
Television
Sep 17, 2014
Follow That Line: Almost Famous
1,275
4.64
Movies
Aug 14, 2014
Follow That Lyric: The Simpsons
426
4.80
Television
Aug 5, 2014
5 star Beatles Tracks
302
4.00
Music
Aug 11, 2014
Tolkien or Martin: Descriptions
220
3.80
Literature
Oct 6, 2015
Go to Creator's Profile
Score Distribution
Quiz Creator Spotlight
itamarkatz
Follow
Send a Message
Quizzes Created
-
Created Quiz Play Count
-
More By This Creator
Popular Quizzes Today
1
Find the US States - No Outlines Minefield
2
Find the Countries of Europe - No Outlines Minefield
3
The Countries of the World
4
Find the US States
5
Risky Map Clicking: Biggest States A-Z
6
US States
7
Popular People in 1961
8
Movies - When Are They Set?
More Television Quizzes
Finish the TV Title Duo
Published
Trending Quizzes
Risky Map Clicking: Least Populous States A-Z
1-10 Letter G Words
1-10 Letter F Words
Risky Map Clicking: Next State Alphabetically
Adjectives in 80s TV Shows
Recently Updated
Leaping Animals
pecheneg
Reality TV Shows (A-Z)
bhenderson79
Rickey Henderson's Hall of Fame Teammates
pecheneg
Champions League XIs: Arsenal
pecheneg
Quick Pick: Celebrities in WWE's Hall of Fame
aduchscher
A-Z Keypad Blitz II
pecheneg
Multiple Oscar Actors
pecheneg
Mystery Phrase Blitz: Oscar 'Best Actors'
pecheneg
F. Scott Fitzgerald Novels
LTH
Pick 3 Villains
ddd62291
Trending Topics
Harry Potter
Kpop
Anime
Disney
NBA
Crossword
Marvel
The Office
NFL
Song
Soccer
WWE
Pokémon
Country
Puzzle
Your Account Isn't Verified!
In order to create a playlist on Sporcle, you need to verify the email address you used during registration. Go to your
Sporcle Settings
to finish the process.
Report this User
Report this user for behavior that violates our
Community Guidelines
.
Details:
Send Report
Go to the Sporcle.com Mobile Site →
Comments